[Event "CZE-chT U18 0506"]
[Site "Czech Republic"]
[Date "2006.04.23"]
[Round "11.6"]
[White "Kostka, Michal"]
[Black "Chlad, Lukas"]
[Result "1-0"]
[WhiteElo "1492"]
[BlackElo "1680"]
[PlyCount "141"]
[EventDate "2005.10.08"]
[EventType "team"]
[EventRounds "11"]
[EventCountry "CZE"]
[SourceTitle "EXT 2009"]
[Source "ChessBase"]
[SourceDate "2008.11.26"]
[SourceVersion "1"]
[SourceVersionDate "2008.11.26"]
[SourceQuality "1"]
[WhiteTeam "Brankovice"]
[BlackTeam "Plzen"]
[WhiteTeamCountry "CZE"]
[BlackTeamCountry "CZE"]

1. e4 c5 2. Nf3 Nc6 3. d4 cxd4 4. Nxd4 g6 5. Nc3 Bg7 6. Be3 Nf6 7. Be2 0-0 8. 0-0 d5 9. exd5 Nxd5 10. Nxd5 Qxd5 11. Bf3 Qc4 12. Nxc6 bxc6 13. c3 Be6 14. Be2 Qe4 15. Bf3 Qc4 16. Be2 Qe4 17. Bd3 Qd5 18. Qc2 Rfd8 19. Rfd1 Qa5 20. a3 Qc7 21. Be4 Rxd1+ 22. Rxd1 Rb8 23. Qe2 c5 24. g3 Rc8 25. Bf4 Qb6 26. Rd2 c4 27. Qe3 Qa6 28. Bh6 Bxh6 29. Qxh6 Qb6 30. Qf4 Rd8 31. Kf1 a5 32. Ke2 Rxd2+ 33. Qxd2 Qd6 34. Qxd6 exd6 35. Ke3 Kf8 36. Kd4 Ke7 37. Bd5 Bd7 38. Bxc4 f5 39. f4 h6 40. h4 Be8 41. Bd5 Kd7 42. c4 Kc7 43. c5 Kd7 44. Kc4 Kc7 45. c6 Bxc6 46. Bf7 Be4 47. Bxg6 Kc6 48. Bh5 d5+ 49. Kd4 Kb5 50. g4 fxg4 51. Bxg4 Ka4 52. Kc3 Kb5 53. Be6 Kc5 54. f5 d4+ 55. Kd2 Kd6 56. b4 axb4 57. axb4 Ke5 58. b5 Kf6 59. b6 Bb7 60. Kd3 Ke5 61. Bd7 Ba6+ 62. Kd2 Bb7 63. Ke2 Ba6+ 64. Kf3 Bb7+ 65. Kg4 d3 66. Ba4 d2 67. Bc2 Kf6 68. Kf4 Bc6 69. Ke3 d1Q 70. Bxd1 Kxf5 71. Bf3 1-0